000 00426nam a2200097 4500
999 _c524722
_d524722
082 _aT2196x54 In2w
100 _a Indian Institute of Public Administration
_942690
245 _aWorking group to study the need for changes in micro, small and medium enterprises development ( MSMED) Act, 2006
_cBy Indian Institute of Public Administrtion
260 _aNew Delhi
_bIndian Institute of Public Administration
_c2023
300 _a95p.